Englisch Vokabeln - Statistiken

Allgemein
  • Dieses Quiz wurde 781 mal gespielt
  • Das Durchschnittsergebnis liegt bei 17 aus 30
Antwortstatistiken
Hint Antwort % Korrekt
hospital Krankenhaus
99%
expensive teuer
96%
cheap billig
84%
pharmacy Apotheke
82%
towel Handtuch
78%
difficult schwer
78%
changing room Umkleide
78%
elevator Aufzug
77%
serious ernst
77%
delivery Lieferung
73%
cashier Kassierer
71%
government Regierung
70%
different anders
69%
tip Trinkgeld
69%
company Firma
68%
shelf Regal
62%
grocery store Supermarkt
59%
baggage Gepäck
52%
cash discount Rabatt
46%
warranty Garantie
42%
aisle Gang
37%
beverages Getränke
36%
side dish Beilage
34%
main course Hauptgang
32%
floor Etage
29%
loyalty card Kundenkarte
25%
cutlery Besteck
24%
refund policy Rückgaberecht
20%
deposit Einzahlung
7%
complimentary gratis
2%
Keine übereinstimmenden Quizze gefunden
Verteilung der Resultate
Anzahl Personen mit jedem Resultat
Perzentil nach korrekt beantworteten Fragen
Ihre Resultats-Entwicklung
Sie haben dieses Quiz noch nicht gespielt